The Circle and the ellipse: rival concepts of authority in the early church (Record no. 362010)

000 -LEADER
fixed length control field 00454cam a22001457a 4500
008 - FIXED-LENGTH DATA ELEMENTS--GENERAL INFORMATION
fixed length control field 180718b1959 xxu||||| |||| 00| 0 eng d
082 ## - DEWEY DECIMAL CLASSIFICATION NUMBER
Classification number AB2 C345
100 ## - MAIN ENTRY--PERSONAL NAME
Personal name Chadwick, Henry
245 ## - TITLE STATEMENT
Title The Circle and the ellipse: rival concepts of authority in the early church
Statement of responsibility, etc. by Henry Chadwick
260 ## - PUBLICATION, DISTRIBUTION, ETC.
Place of publication, distribution, etc. London
Name of publisher, distributor, etc. OUP
Date of publication, distribution, etc. 1959
300 ## - PHYSICAL DESCRIPTION
Extent 17p.
500 ## - GENERAL NOTE
General note Inaugural lecture at Univ. of Oxford, May 5,1959, 2/6
650 ## - SUBJECT ADDED ENTRY--TOPICAL TERM
Topical term or geographic name entry element Church
650 ## - SUBJECT ADDED ENTRY--TOPICAL TERM
Topical term or geographic name entry element Christinaity
Holdings
Withdrawn status Lost status Damaged status Not for loan Permanent Location Current Location Date acquired Full call number Barcode Date last seen Price effective from Koha item type
        Indian Institute of Public Administration Indian Institute of Public Administration 1994-03-20 AB2 C345 26733 2018-07-21 2018-07-21 Book

Powered by Koha